A Punjabi village in Pakistan : (Record no. 330815)
[ view plain ]
| 000 -LEADER | |
|---|---|
| fixed length control field | 01555cam a2200337 4500 |
| 001 - CONTROL NUMBER | |
| control field | 16554949 |
| 003 - CONTROL NUMBER IDENTIFIER | |
| control field | NUST |
| 005 - DATE AND TIME OF LATEST TRANSACTION | |
| control field | 20170809104322.0 |
| 008 - FIXED-LENGTH DATA ELEMENTS--GENERAL INFORMATION | |
| fixed length control field | 101129s2010 pk ab b 001 0 eng |
| 010 ## - LIBRARY OF CONGRESS CONTROL NUMBER | |
| LC control number | 2010342467 |
| 020 ## - INTERNATIONAL STANDARD BOOK NUMBER | |
| International Standard Book Number | 9780195477238 |
| 037 ## - SOURCE OF ACQUISITION | |
| Source of stock number/acquisition | Library of Congress -- Islamabad Overseas Office |
| Terms of availability | Rs 1295 |
| 040 ## - CATALOGING SOURCE | |
| Original cataloging agency | DLC |
| Transcribing agency | DLC |
| 042 ## - AUTHENTICATION CODE | |
| Authentication code | lcode |
| -- | pcc |
| 043 ## - GEOGRAPHIC AREA CODE | |
| Geographic area code | a-pk--- |
| 050 00 - LIBRARY OF CONGRESS CALL NUMBER | |
| Classification number | HN690.5.M64 |
| Item number | E35 2010 |
| 082 ## - DEWEY DECIMAL CLASSIFICATION NUMBER | |
| Classification number | 307.76254914 |
| Author Mark | EGL |
| 100 1# - MAIN ENTRY--PERSONAL NAME | |
| Personal name | Eglar, Zekiye Suleyman, |
| Dates associated with a name | 1910-1983. |
| 9 (RLIN) | 3856 |
| 245 12 - TITLE STATEMENT | |
| Title | A Punjabi village in Pakistan : |
| Remainder of title | perspectives on community, land, and economy / |
| Statement of responsibility, etc. | Zekiye Eglar ; preface by Mary Catherine Bateson ; introduction by Beena Sarwar ; afterword by Shahla Haeri. |
| 260 ## - PUBLICATION, DISTRIBUTION, ETC. | |
| Place of publication, distribution, etc. | Karachi : |
| Name of publisher, distributor, etc. | Oxford University Press, |
| Date of publication, distribution, etc. | 2010. |
| 300 ## - PHYSICAL DESCRIPTION | |
| Extent | xix, 475 p. |
| Other physical details | ill., maps ; |
| Dimensions | 22 cm. |
| 504 ## - BIBLIOGRAPHY, ETC. NOTE | |
| Bibliography, etc. note | Includes bibliographical references (p. [460]-462) and index. |
| 505 0# - FORMATTED CONTENTS NOTE | |
| Formatted contents note | bk. 1. A Punjabi village in Pakistan -- bk. 2. The economic life of a Punjabi village / by Zekiye Eglar, [with Fazal Ahmad Chowdhry]. |
| 650 #0 - SUBJECT ADDED ENTRY--TOPICAL TERM | |
| Topical term or geographic name entry element | Villages |
| Geographic subdivision | Pakistan |
| -- | Punjab |
| Form subdivision | Case studies. |
| 9 (RLIN) | 3857 |
| 651 #0 - SUBJECT ADDED ENTRY--GEOGRAPHIC NAME | |
| Geographic name | Mohla (Pakistan) |
| General subdivision | Social conditions. |
| 9 (RLIN) | 3858 |
| 651 #0 - SUBJECT ADDED ENTRY--GEOGRAPHIC NAME | |
| Geographic name | Punjab (Pakistan) |
| General subdivision | Rural conditions |
| Form subdivision | Case studies. |
| 9 (RLIN) | 3859 |
| 651 #0 - SUBJECT ADDED ENTRY--GEOGRAPHIC NAME | |
| Geographic name | Punjab (Pakistan) |
| General subdivision | Economic conditions |
| Form subdivision | Case studies. |
| 9 (RLIN) | 3860 |
| 700 12 - ADDED ENTRY--PERSONAL NAME | |
| Personal name | Eglar, Zekiye Suleyman, |
| Dates associated with a name | 1910-1983. |
| Title of a work | Economic life of a Punjabi village. |
| 9 (RLIN) | 3861 |
| 700 1# - ADDED ENTRY--PERSONAL NAME | |
| Personal name | Chowdhry, Fazal Ahmed. |
| 9 (RLIN) | 3862 |
| 906 ## - LOCAL DATA ELEMENT F, LDF (RLIN) | |
| a | 7 |
| b | cbc |
| c | origode |
| d | 3 |
| e | ncip |
| f | 20 |
| g | y-gencatlg |
| 942 ## - ADDED ENTRY ELEMENTS (KOHA) | |
| Source of classification or shelving scheme | |
| Koha item type | Book |
| Withdrawn status | Lost status | Source of classification or shelving scheme | Materials specified (bound volume or other part) | Damaged status | Not for loan | Permanent Location | Current Location | Shelving location | Date acquired | Total Checkouts | Full call number | Barcode | Date last seen | Date last checked out | Copy number | Price effective from | Koha item type |
|---|---|---|---|---|---|---|---|---|---|---|---|---|---|---|---|---|---|
| CSS Corner Book | Central Library (CL) | Central Library (CL) | Central Superior Services | 08/09/2017 | 1 | 307.76254914 EGL | CL2861 | 07/23/2022 | 07/23/2022 | 1 | 08/09/2017 | CSS Corner |
